000 00343pab a2200145 454500
008 180718b1983 xxu||||| |||| 00| 0 eng d
100 _aMehta, Bansi S.
245 _aUnion budget
_bRetrospectivity of provisions
260 _c1983
300 _a5
362 _a10 Mar.
650 _aBudget - India
773 _aEconomic Times
909 _a4775
999 _c4775
_d4775